| 000 | 00411cam a2200157ua 4500 | ||
|---|---|---|---|
| 003 | OSt | ||
| 008 | 250101b |||||||| |||| 00| 0 eng d | ||
| 041 | _aeng | ||
| 082 |
_a621.37 _bGOL/EL |
||
| 100 |
_aGolding, E W . _96702 |
||
| 245 | _aElectrical measurements and measuring instruments / | ||
| 250 | _a4 / | ||
| 260 |
_aLondon : _bEnglish Language Book Society , _c1962. |
||
| 300 | _a912 ; . | ||
| 942 | _cBK | ||
| 999 |
_c1386 _d1386 |
||